000
00262nam a22001097a 4500
008
170113b xxu||||| |||| 00| 0 eng d
020
_a
9780803618596
041
_a
eng
080
_2
2ND
_a
618.2
245
_a
NURSING DIAGNOSIS MANUAL
_c
DOENGES, M.E
942
_2
udc
_c
BK
999
_c
2900
_d
2900